00366nam a22001337a 450000500170000000800410001704100130005808200130007110000130008424500340009726000470013130000280017865000260020620240724141928.0240724b |||||||| |||| 00| 0 eng d aEnglish  a349 SOU  lEnglish  aThe South African Law Reports aCape Town: bJuta and Company Ltd, c1927  bx, 559 pages; c26 cm.  aLegal practice bLaw